|
|
|
|
| LEADER |
00000nab a2200000 ar4500 |
| 001 |
vtls008945047 |
| 003 |
SK-MaSNL |
| 005 |
20260303070949.0 |
| 008 |
070212c20070115xo dr|p|||||||000 b|slo |
| 015 |
|
|
|a SNBRB2007/02
|2 snkbucl
|
| 040 |
|
|
|a SNKBUCL
|b slo
|c SNKBUCL
|e AACR2
|
| 041 |
0 |
|
|a slo
|
| 044 |
|
|
|a xo
|c SK
|
| 080 |
|
|
|a 07
|x (437.6)
|2 2001
|
| 080 |
|
|
|a 76.071.1:76.05
|2 2001
|
| 080 |
|
|
|a 929 Biľak, Peter
|2 2001
|
| 100 |
1 |
|
|a Rehák, Oliver,
|d 1973-
|4 ivr
|4 aut
|9 104655
|
| 245 |
1 |
0 |
|a Noviny potrebujú špeciálne písmo
|b s grafickým dizajnérom Petrom Biľakom sme hovorili o novej ...
|c [zhováral sa] Oliver Rehák
|
| 300 |
|
|
|b Fotogr.
|
| 500 |
|
|
|a Od 15.1.2007 návrat k pôvodnému vročeniu
|
| 600 |
1 |
7 |
|a Biľak, Peter,
|d 1973-
|2 snkbucl
|9 119384
|
| 630 |
0 |
7 |
|a Sme (noviny)
|x zmena grafiky
|2 snkbucl
|9 98352
|
| 700 |
1 |
|
|a Biľak, Peter,
|d 1973-
|4 ive
|4 aut
|9 119384
|
| 773 |
0 |
|
|t Sme
|g Roč. 15, č. 11 (15.1.2007), s. 43
|x 1335-440X
|
| 852 |
|
|
|a SNK
|b KIS3GCP
|
| 958 |
|
|
|a SK
|
| 958 |
|
|
|a BX
|
| 999 |
|
|
|c 1757724
|d 1759654
|